000 00917nam a2200265 i 4500
003 IT-RoINE
005 20141023152359.0
008 990511s1999 sp a r 000 spa d
020 _a8477386412
040 _aUCM.BYD
_dIT-RoINE
_cIT-RoINE
245 1 0 _aIntroducción a la Paleografía y la Diplomática general /
_cEditor, Ángel Riesco Terrero ; [Coautores, Ana Belen Sánchez Prieto (et al.)]
260 _aMadrid :
_bSíntesis,
_c1999.
300 _a366 p. :
_bil. ;
_c23 cm.
336 _2rdacontent
_atext
337 _2rdamedia
_aunmediated
338 _2rdacarrier
_avolume
490 1 _aLetras universitarias
504 _aBibliografía : p. 353-366.
650 0 4 _aPaleografía
_913362
650 0 4 _aDiplomática
_913363
700 1 _aRiesco Terrero, Ángel,
_d1932-
_913364
700 1 _aSánchez Prieto, Ana Belén,
_d1968-
_913365
830 0 _99196
_aLetras universitarias (Síntesis)
942 _cMTS
999 _c6179
_d6179